| 000 | 00643nam 22001813 4500 | ||
|---|---|---|---|
| 001 | 199201 | ||
| 090 | _a199201 | ||
| 100 | _a20251121d u||y0pory50 ba | ||
| 200 |
_aConceitos elementares do materialismo histórico _fMarta Harnecker, apresentação por Louis Althusser |
||
| 210 |
_aLisboa _cEditorial Presença _d1976 |
||
| 215 |
_a2 vols _cbrochado _d18 cm |
||
| 327 | _aVolume I:tradução de Alexandre Gaspar. - 239 p. Volume II: tradução de L. Mota Reis. - 252 p. | ||
| 606 |
_91246 _aPolítica |
||
| 675 |
_a32 _vPT _zpor |
||
| 700 |
_910565 _aHarnecker _bMarta _f1937-2019 |
||
| 801 |
_aPT _bBMMN _gRPC |
||
| 830 |
_cFernando _fFernando |
||
| 990 | _cLIVROS | ||